| 000 | 00530nam a22001817a 4500 | ||
|---|---|---|---|
| 999 |
_c9314 _d9314 |
||
| 003 | AR-CdUCM | ||
| 008 | 190327b ||||| |||| 00| 0 spa d | ||
| 040 |
_aMUNICIPALIDAD PROVINCIAL DEL CUSCO _cBIBLIOTECA MUNICIPAL DEL CUSCO |
||
| 082 |
_a868.61 / _bV19 |
||
| 100 |
_aValle Inclán, Ramón del _925431 |
||
| 245 |
_aVoces de gesta : _bcuento de abril / |
||
| 260 |
_aBuenos Aires : _bLosada, _c1941. |
||
| 300 |
_a164 páginas ; _c18 cm. |
||
| 505 | _aPoesía. | ||
| 650 |
_aPoesía. _9139 |
||
| 942 |
_2ddc _cLIBROS |
||
| 945 | _awfj | ||